| Поле | Название | Значение |
| |
Тип записи |
a |
| |
Библиографический уровень |
m |
| 001 |
Контрольный номер |
UONB/MAIN/571dfd21308247e0ab72be9996b1a2f8 |
| 005 |
Дата корректировки |
20260331152940.0 |
| 010 |
Индекс ISBN |
__ |
| d |
Цена |
70 к. |
| 9 |
Тираж |
1000 экз. |
| 100 |
Данные общей обработки |
__ |
| a |
Данные общей обработки |
20260331d1987 u y0rusy0189 ca |
| 101 |
Язык документа |
0_ |
| a |
Язык текста |
rus |
| 102 |
Страна публикации |
__ |
| a |
Страна публикации |
RU |
| 105 |
Кодированные данные (монография) |
__ |
| a |
Кодированные данные (монография) |
y z 000yy |
| 200 |
Заглавие и сведения об ответственности |
1_ |
| a |
Заглавие |
Технология возделывания сорговых культур в Волгоградской области |
| e |
Сведения, относящиеся к заглавию |
сборник научных трудов |
| f |
Первые сведения об ответственности |
Всероссийский НИИ орошаемого земледелия |
| g |
Последующие сведения об ответственности |
ответственный редактор В. М. Кононов |
| 203 |
Вид содержания и тип средства |
__ |
| a |
Вид содержания |
Текст |
| b |
Характеристика содержания |
визуальный |
| c |
Тип средства |
непосредственный |
| 210 |
Выходные данные |
1_ |
| a |
Место издания |
Волгоград |
| c |
Издательство |
Нижне-Волж. кн. изд. |
| d |
Дата издания |
1987 |
| 215 |
Физическое описание |
__ |
| a |
Объем |
92, [2] с. |
| d |
Формат |
20 см |
| 606 |
Тематические рубрики |
0_ |
| a |
Основная рубрика |
Сорго |
| x |
Основная подрубрика |
Возделывание |
| y |
Географическая подрубрика |
Волгоградская область |
| 610 |
Ключевые слова |
0_ |
| a |
Ключевые слова |
сорго; сорговые культуры; возделывание сорговых культур |
| 675 |
Индекс УДК |
__ |
| a |
Индекс УДК |
633.17 |
| 686 |
Индексы других классификаций |
__ |
| a |
Классификационный индекс |
42.112.9 |
| 2 |
Код системы |
rubbk |
| 702 |
Вторичная интеллектуальная ответственность |
_1 |
| a |
Фамилия |
Кононов |
| b |
Имя (инициалы) |
В. М. |
| g |
Полное личное имя |
Виктор Михайлович |
| 4 |
Код отношения |
340 |
| 712 |
Наименование организации (Вторичная ответственность) |
02 |
| a |
Организация/ юрисдикция |
Всероссийский научно-исследовательский институт орошаемого земледелия (Волгоград) |
| 4 |
Код отношения |
570 |
| 801 |
Источник записи |
_0 |
| a |
Страна |
RU |
| b |
Организация |
Ульяновская ОНБ |
| c |
Дата составления |
20260331 |
| g |
Правила каталогизации |
RCR |
| 801 |
Источник записи |
_1 |
| a |
Страна |
RU |
| b |
Организация |
Ульяновская ОНБ |
| c |
Дата составления |
20260331 |
| g |
Правила каталогизации |
RCR |
| 901 |
Тип документа |
__ |
| t |
Тип документа |
m |
| 909 |
Создатель записи |
__ |
| a |
Создатель записи |
Шувалова |
| b |
Дата создания записи |
20260331 |